000 00366nam a2200157 a 4500
005 20140414132054.0
008 100520s19uu xx 00 eng d
050 _aREF 599.8
_bR43 2000
100 _aRedmond, Ian
245 _aGorilla, Monkey, & Ape.
440 _aEyewitness books
650 _aGorilla
650 _aMonkey
650 _aApe
999 _c114276
_d114276